| 000 | 01052nam a2200253 i 4500 | ||
|---|---|---|---|
| 001 | 80371 | ||
| 003 | ES-MaACL | ||
| 005 | 20250328192102.0 | ||
| 007 | t| | ||
| 008 | 041027s1944 mx |||| | spa d | ||
| 100 | 1 |
_aHiggs, Henry. _963639 |
|
| 245 | 1 | 4 |
_aLos fisiócratas / _cHenry Higgs ; versión española de Javier Márquez. |
| 250 | _a1ª ed. en español. | ||
| 260 |
_aMéxico : _bFondo de Cultura Económica de México, _c1944 ( _fGráf. Panamericana) |
||
| 300 |
_a171 p. ; _c20 cm. |
||
| 510 |
_aCCPB, _c001342120-4 |
||
| 650 | 4 |
_aFisiocracia. _9158849 |
|
| 700 | 1 |
_aMárquez, Javier. _977005 |
|
| 852 |
_aES-MaACL _jD-6283 _983349 _bR. 30370 _bR.M. 5878 _cSVI _gAnotación manuscrita en cubierta: "14" _gAnotación manuscrita en hoja de guarda: "19.50" _z"1 DIC. 1950" _fSello en tinta azul de la Biblioteca del Ateneo de Madrid |
||
| 942 |
_2udc _cMONOGRAFIA |
||
| 999 |
_c80371 _d80371 |
||